01274nam a2200277 i 450000500170000000700030001700800410002002000180006104000350007908200220011410000290013624502340016524601590039926400340055830000410059233600270063333700330066033800280069353400530072154500530077465000320082765000330085965000290089270000480092170000270096920220317000250.0ta210806s2011 sp a0 se s dspa d a9788479028688 aCO-BoRNBPbspacCO-BoRNBPerda04a796.353bG15b2221 aGandolfi, Giorgioeautor10aBaloncesto, ejercicios para el juego de ataquebguía completa con más de 150 innovadores ejercicios de los mejores entrenadores del mundocGiorgio Gandolfi ; traducción José Miguel Álvarez Gómez ; editor David Domingo32aBaloncesto, ejercicios para el juego de ataquebguía completa con más de ciento cincuenta innovadores ejercicios de los mejores entrenadores del mundo 1aMadridbEdiciones Tutorc2011 a272 páginasbilustraciones c24 cm atextobtxt2rdacontent asin mediaciónbn2rdamedia avolumenbnc2rdacarrier tThe complete book of offensive basketball drills aIncluye biografía del autor al final del texto17aDeportes xTécnicas2LEMB17aBaloncestoxTécnicas2LEMB17aJuegosxTécnicas2LEMB1 aÁlvarez Gómez, José Migueletraductor1 aDomingo, Davideeditor